000 00659nam a2200277Ia 4500
005 20260324115411.0
008 008 260324s9999 xx 000 0 eng d
020 _a9781315232867
037 _aEBOOK
040 _aCRL
040 _beng
040 _cCRL
041 _2eng
041 _aeng
084 _qCRL
100 _aJosé Manuel Torres Farinha
_91144979
245 0 _aAsset Maintenance Engineering Methodologies
260 _bTaylor and Francis
260 _c2018
365 _a
365 _b370
856 _uhttp://www.taylorfrancis.com/books/9781315232867
942 _cEBOOK
999 _c1745374
_d1745374